000 00572nam a2200193Ia 4500
005 20250508155558.0
008 008 250505s9999 xx 000 0 eng d
037 _aTextual
040 _aFEDL
_beng
_cFEDL
041 _aeng
_2eng
084 _a370, HUM
_qFEDL
100 _aHumayun Kabir
245 0 _aBureau of education India : A memorandum on education in Assam, Madras and Bombay 1948-49
245 0 _cGovernment of India. Ministry of Education
300 _a43p.
650 _aEducation
942 _cTEXL
_h370, HUM
999 _c1357945
_d1357945